000
00303nam a22001337a 4500
008
181011b xxu||||| |||| 00| 0 eng d
020
_a
9780781763349
041
_a
eng
080
_a
610
100
_a
4
101
_a
SHM
245
_a
The 5-Minute Clinical Consult 2007
_c
Domino,F.J
942
_2
udc
_c
BK
999
_c
49371
_d
49371